000
00333nam a2200145Ia 4500
003
OSt
005
20231221104613.0
008
170523s9999 xx 000 0 und d
020
_a
0074702599
040
_c
IIMT UNIVERSITY MEERUT
100
_a
LAWSON
245
0
_a
CONSUMER BEHAVIOUR
260
_b
TATA MC GRAW HILL
942
_2
ddc
_c
02
999
_c
1588
_d
1588